<?xml version="1.0" encoding="UTF-8"?>
<collection xmlns="http://www.loc.gov/MARC21/slim">
  <record>
    <leader>00000nam  2200000   4500</leader>
    <controlfield tag="001">INLIS000000000810412</controlfield>
    <controlfield tag="005">20251208090407</controlfield>
    <datafield tag="035" ind1="#" ind2="#">
      <subfield code="a">0010-1225000050</subfield>
    </datafield>
    <controlfield tag="007">ta</controlfield>
    <controlfield tag="008">251208###########################0######</controlfield>
    <datafield tag="082" ind1="#" ind2="#">
      <subfield code="a">297.246</subfield>
    </datafield>
    <datafield tag="084" ind1="#" ind2="#">
      <subfield code="a">R 297.246AND m</subfield>
    </datafield>
    <datafield tag="245" ind1="#" ind2="#">
      <subfield code="a">Mendulang Mutiara Faedah dari Kisah Para Nabi dan Rasul /</subfield>
      <subfield code="c">Dr. Firanda Andirja, Lc. M.A.</subfield>
    </datafield>
    <datafield tag="250" ind1="#" ind2="#">
      <subfield code="a">Cet. 1</subfield>
    </datafield>
    <datafield tag="260" ind1="#" ind2="#">
      <subfield code="b">Ustadz Firanda Andirja Office</subfield>
    </datafield>
    <datafield tag="300" ind1="#" ind2="#">
      <subfield code="a">717 Halaman ;</subfield>
      <subfield code="c">17,5 cm x 25 cm</subfield>
    </datafield>
  </record>
</collection>
